Las primeras ediciones privadas del Código civil (1888-1898) / (Record no. 42063)

MARC details
000 -LEADER
campo de control de longitud fija 00772nam a2200217 i 4500
001 - NÚMERO DE CONTROL
campo de control 42063
003 - IDENTIFICADOR DE NÚMERO DE CONTROL
campo de control ES-MaACL
005 - FECHA Y HORA DE LA ÚLTIMA TRANSACCIÓN
campo de control 20250811030341.0
007 - CAMPO FIJO DE DESCRIPCIÓN FÍSICA--INFORMACIÓN GENERAL
campo de control de longitud fija t|
008 - DATOS DE LONGITUD FIJA--INFORMACIÓN GENERAL
campo de control de longitud fija 030312s1975 sp ||||1| spa d
100 1# - ENTRADA PRINCIPAL--NOMBRE DE PERSONA
Nombre de persona Castán Vázquez, José María.
9 (RLIN) 36393
245 14 - MENCIÓN DEL TÍTULO
Título Las primeras ediciones privadas del Código civil (1888-1898) /
Mención de responsabilidad, etc. por José María Vázquez Castán.
260 ## - PUBLICACIÓN, DISTRIBUCIÓN, ETC.
Lugar de publicación, distribución, etc. [Madrid :
Nombre del editor, distribuidor, etc. s.n.,
Fecha de publicación, distribución, etc. 1975]
300 ## - DESCRIPCIÓN FÍSICA
Extensión 23 p. ;
Dimensiones 23 cm.
595 ## -
-- Tirada aparte de: Revista de derecho notarial, n. LXXXIX-XC, jul.-dic. 1975, p. 131-176.
610 14 - PUNTO DE ACCESO ADICIONAL DE MATERIA--NOMBRE DE ENTIDAD CORPORATIVA
Nombre de entidad corporativa o nombre de jurisdicción como elemento de entrada España.
Título de la obra Código civil, 1889
9 (RLIN) 3628
650 #4 - PUNTO DE ACCESO ADICIONAL DE MATERIA--TÉRMINO DE MATERIA
Término de materia o nombre geográfico como elemento de entrada Derecho-
Subdivisión geográfica España-
Subdivisión de forma Bibliografías.
9 (RLIN) 171508
650 ## - PUNTO DE ACCESO ADICIONAL DE MATERIA--TÉRMINO DE MATERIA
Término de materia o nombre geográfico como elemento de entrada Código civil-
Subdivisión geográfica España.
9 (RLIN) 135863
852 ## - LOCALIZACIÓN
Ubicación ES-MaACL
Número de control de estantería 2106-F-11
Holdings
Estatus retirado Estado de pérdida Estado de daño No para préstamo Colección Biblioteca de origen Biblioteca actual Ubicación en estantería Fecha de adquisición Fuente de adquisición Total de préstamos Signatura topográfica completa Código de barras Visto por última vez Precio de reemplazo Tipo de ítem Koha
        Colección de folletos Biblioteca del Ateneo de Madrid Biblioteca del Ateneo de Madrid Depósito folletos 17/01/2008     2106-F-11 1044274 23/02/2023 23/02/2023 Folleto